000 00828nam a22002177a 4500
005 20230828172416.0
010 _aHIN-125693
020 _c395.00
_a9789392651038
035 _aHN-98039
037 _bDBAD/PUB
082 _a613
100 _aगर्ग, सी एल
_955506
245 _aसबके लिए स्वास्थ्य /
_cगर्ग, सी एल और राजीव गर्ग
260 _bसाहित्य भारती
_c2021
_aनई दिल्ली
270 _aके -71 कृष्णा नगर
_bनई दिल्ली
_e110051
300 _a139 पृ.
_c23 सेमी(सजिल्द )
650 _x
_z
_955507
650 _v
_955508
700 _a गायत्री
_955383
942 _2ddc
_cHN
_h613
_mगर्गस
999 _c197637
_d197637